000 00643nam a2200277Ia 4500
005 20260324132406.0
008 008 260324s9999 xx 000 0 eng d
020 _a9780203799819
037 _aEBOOK
040 _aCRL
040 _beng
040 _cCRL
041 _2eng
041 _aeng
084 _qCRL
100 _aSonia Ryang
_91184043
245 0 _aJapan and National Anthropology: A Critique
260 _bTaylor and Francis
260 _c2004
365 _a
365 _b240
856 _uhttp://www.taylorfrancis.com/books/9780203799819
942 _cEBOOK
999 _c1787187
_d1787187